000 01024cam a22002411i 4500
999 _c78491
_d315768
003 OSt
005 20200123115805.0
008 190310s2018 ua g 000 0 ara c
020 _a9786144720059
040 _aSA-RiAUC
_bara
_cSA-RiAUC
_erda
041 1 _aara
_hund
082 0 4 _a158.2
_221
_bد آ ق
100 1 _aدو بوتون، آلان،
_d1969-
_eمؤلف.
_983490
245 1 0 _aقلق السعي إلى المكانة :
_bالشعور بالرضا أو المهانة /
_cآلان دو بوتون ؛ ترجمة محمد عبد النبي.
264 1 _aالقاهرة ؛
_aبيروت ؛
_aتونس :
_bدار التنوير،
_c2018
_m[1439]
300 _a312 صفحة
504 _aيشتمل على قائمة ببليوجرافية.
650 7 _aالعلاقات الاجتماعية
_xجوانب نفسية
_983491
650 7 _aعلم النفس الاجتماعي
_983492
700 1 _aعبد النبي، محمد،
_d1977-
_eمترجم.
_983493
942 _2ddc
_cBOOK
949 _aSA-RiPNU
_n1
_d2020/1/23
_upnusvn